| 000 | 01431nam a22003977a 4500 | ||
|---|---|---|---|
| 003 | CHAP | ||
| 005 | 20220329133110.0 | ||
| 008 | 971013s1988 mx r 00010 spa d | ||
| 010 | _a2135 | ||
| 011 | _a3107 | ||
| 035 | _a2307 | ||
| 040 | _cCHAP | ||
| 082 | 0 | 4 |
_a015.72 _bE8 |
| 100 | 0 | 0 |
_aEscalona Ríos, Lina, comp. _937424 |
| 245 | 1 | _aBibliografías básicas de los estados de la Península de Yucatán | |
| 260 |
_aMéxico, D. F. : _bDirección General de Bibliotecas, _c1988 |
||
| 300 | _a199 p. | ||
| 490 | _aBibliografías básicas de los estados de la República Mexicana... | ||
| 500 | _aD44-168 | ||
| 590 |
_aBATCH-UPD _b10 _c20130110 _lUCH01 _h0004 |
||
| 590 |
_aBATCH-UPD _b10 _c20130110 _lUCH01 _h2123 |
||
| 590 |
_aBATCH-UPD _b10 _c20130409 _lUCH01 _h1939 |
||
| 590 |
_aBATCH-UPD _b10 _c20130410 _lUCH01 _h1432 |
||
| 590 |
_aBATCH-UPD _b10 _c20130914 _lUCH01 _h0858 |
||
| 590 |
_aCONVERSION _b10 _c20130109 _lUCH01 _h1302 |
||
| 650 | 1 | 4 |
_aCampeche _xBibliografía. _917980 |
| 650 | 1 | 4 |
_aMéxico _xBibliografía. _976646 |
| 650 | 1 | 4 |
_aQuintana Roo _xBibliografía. _993370 |
| 650 | 1 | 4 |
_aYucatán _xBibliografía. _9123313 |
| 700 | 0 |
_aCareága Viliesid, Lorena. _918936 |
|
| 700 | 0 |
_aPeniche de Sánchez Macgrégor, Surya. _986679 |
|
| 830 | 0 |
_aBibliografías básicas de los estados de la República Mexicana... _912207 |
|
| 901 | _aBK | ||
| 942 | _cLIBRO | ||
| 949 |
_a015.72 E8 _bBC _cC _d33724000917324 _eC _h79600 _i2307 _si |
||
| 999 |
_c2135 _d2135 |
||